Ciudades de México con Costco - Estadísticas

Estadísticas generales
  • Esta prueba ha sido intentada 33 veces
  • La puntuación promedio es 16 de 27
Estadísticas de respuestas
Cantidad de tiendas Ciudad % Correcto
9 Ciudad de México
92%
3 Monterrey
92%
2 Guadalajara
88%
1 Cancún
76%
1 Puebla
76%
2 Tijuana
76%
1 Toluca
76%
1 Mérida
72%
1 Veracruz
68%
1 Querétaro
64%
1 Saltillo
64%
1 Aguascalientes
60%
1 Culiacán
60%
2 León
60%
1 San Luis Potosí
60%
1 Torreón
60%
1 Cuernavaca
52%
1 Mexicali
52%
1 Ciudad Juárez
48%
1 Morelia
48%
1 Hermosillo
44%
1 Villahermosa
44%
1 Xalapa
44%
1 Cabo San Lucas
40%
1 Celaya
40%
1 Chihuahua
40%
1 Puerto Vallarta
32%
No se encontraron pruebas coincidentes
Distribución de puntuación
Porcentaje de gente con cada puntuación
Porcentaje por número respondido
Historial de tus puntuaciones
No has intentado esta prueba.